000 01114nam a2200301 a 4500
001
003 DO-SdBPM
005 20250313072708.0
008 100406s2023 dr 001 0dspa d
040 _aDO-SdBPM
_bspa
_c BPMSU
049 _a
082 _a923.27293
_bD812r 2023
_222
245 0 0 _aRosa Duarte :
_bheroína trinitaria /
_ccompilador Wilson Gómez Ramírez
250 _a3a. ed.
260 _aSanto Domingo :
_bInstituto Duartiano,
_c2023
300 _a31 p. ;
_c16 cm.
500 _a Escudo nacionales vigente
500 _aIncluye referencias bibliográficas y notas al pie de páginas
500 _aSecretaría de Estado de Educación Bellas Artes y Cultos en el año del Sesquicentenario de la Independencia Nacional
590 _aInventariado, 2025/VM
_6
600 1 4 _aDuarte, Rosa
_d1820-1888
650 4 _aPoesía dominicana
651 4 _aRepública Dominicana
_xHistoria
_y1844-1930
_xFuentes
700 1 _a Gómez Ramírez, Nelson
_ecompilador
_d
710 2 _aRepública Dominicana.
_bInstituto Duartiano
910 _aVMateo V. Control de calidad. BPMSU
942 _2ddc
_cBK
999 _c14999
_d14999